Wszyscy gospodarze Mistrzostw Świata w Piłce Nożnej od 1930 do 2026 - Statystyki

Ogólne statystyki
  • Ten quiz został rozwiązany 1 073 razy
  • Średni wynik to 20 z 23
Statystyki odpowiedzi
rok gospodarz % Poprawnych
1950 Brazylia
97%
2014 Brazylia
97%
2026 Kanada, Meksyk & Stany Zjednoczone
97%
1974 Niemcy (RFN)
97%
2018 Rosja
97%
2022 Katar
96%
2006 Niemcy
96%
1938 Francja
95%
1998 Francja
95%
1930 Urugwaj
93%
1978 Argentyna
90%
1994 Stany Zjednoczone
90%
1934 Włochy
90%
1990 Włochy
90%
1982 Hiszpania
89%
2002 Japonia & Korea Południowa
87%
2010 Republika Południowej Afryki
87%
1966 Anglia
82%
1970 Meksyk
81%
1986 Meksyk
81%
1958 Szwecja
65%
1962 Chile
57%
1954 Szwajcaria
47%
Nie znaleziono quizów pasujących do podanych kryteriów
Rozkład punktacji
Procent ludzi z każdym wynikiem
Percentyl według liczby udzielonych odpowiedzi
Twoja historia wyników
Nie rozwiązałeś tego quizu